| 000 | 00763cam a22002533a 4500 | ||
|---|---|---|---|
| 001 | 31779 | ||
| 003 | PGUSA | ||
| 005 | 20140828083704.0 | ||
| 008 | 100325s2010||||xxu|||||s|||||000 | eng d | ||
| 040 |
_aPGUSA _beng |
||
| 042 | _adc | ||
| 050 | 4 | _aBX | |
| 100 | 1 |
_aAshley, George T. _q(George Thomas) |
|
| 245 | 1 | 0 |
_aFrom Bondage to Liberty in Religion : _bA Spiritual Autobiography _h[electronic resource] / _cGeorge T. Ashley |
| 260 |
_bProject Gutenberg, _c2010 |
||
| 506 | _aPublic domain in the USA. | ||
| 516 | _aElectronic text | ||
| 653 | _aUnitarianism | ||
| 653 | _aUnitarians -- Biography | ||
| 653 | _aAshley, George T. (George Thomas) | ||
| 830 | 0 |
_aProject Gutenberg _v31779 |
|
| 856 | 4 | 0 | _uhttp://www.gutenberg.org/ebooks/31779 |
| 942 | _cEB | ||
| 999 |
_c261034 _d261034 |
||